Normal view
MARC view
Entry Corporate Name
001 - CONTROL NUMBER
- control field: 38313
003 - CONTROL NUMBER IDENTIFIER
- control field: ARRUPE
005 - DATE AND TIME OF LATEST TRANSACTION
- control field: 20180110121550.0
008 - FIXED-LENGTH DATA ELEMENTS
- fixed length control field: 180110|| aca||aabn | a|a d
040 ## - CATALOGING SOURCE
- Original cataloging agency: ARRUPE
- Transcribing agency: ARRUPE
110 ## - HEADING--CORPORATE NAME
- Corporate name or jurisdiction name as entry element: Jesuits
- General subdivision: History
- General subdivision: Suppression
- Chronological subdivision: 1773-1814
670 ## - SOURCE DATA FOUND
- Source citation: Work cat.: (ARRUPE)0: Fabre, Pierre-Antoine, 1957- author. 38312, Suppression et rétablissement de la Compagnie de Jésus (1773-1814) /, 2014